000 00979nam a2200289 a 4500
001 000007217
003 OSt
005 20240307073941.0
008 090907s2004 dr a 000 0 spa d
020 _z9993461083
040 _aDO-SdBNP
_bspa
_cBNPHU
082 _a616.84
_bF359e, 2004
100 1 _aFermín De Sánchez, Sonia
_920020
245 1 0 _aExamen neurológico práctico :
_bsu interpretación clínica /
_cSonia Fermín De Sánchez.
250 _a2a. ed.
260 _aSanto Domingo :
_bINTEC,
_c2004.
300 _a139 p. :
_bil. ;
_c24 cm.
500 _aIncluye datos biográficos del autor en la solapa de la cubierta
504 _aBibliografía : p. 137-139
590 _aInventariado, 2018/LP
650 4 _aExamen neurológico
_920021
650 4 _aEnfermedades del sistema nervioso
_xDiagnóstico
_920022
710 2 _aInstituto Tecnológico de Santo Domingo
_978911
910 _aValidado. Control de calidad. MFF
942 _2ddc
_cLF1
956 _aLOPEREZ
999 _c6998
_d6998